00620nam a2200193Ia 4500008004100000020001400041082001500055100001700070245004400087250000800131260004500139300002400184500001900208600002100227650005000248942000700298952010600305999001500411240925s9999 xx 000 0 und d a134423518 a005.26 ADA aAdamson, Tom 0aStructured BASIC Applied to Technology. a3rd aNew Jersey:bPrintice- Hall Int.c,1997. a531p.bNAfOriginal aIncludes Index aComputer Science aComputer science, information & general works cBK 001040708CSaUITUbUITUd2000-08-16eNAl0o005.26 ADApQ2731r2024-09-25 07:12:54w2024-09-25yBK c5230d5230